| 000 | 00743cab a2200253 4500 | ||
|---|---|---|---|
| 001 | WB3446-41 | ||
| 008 | 090401t1998 xxu||||| |||| 00| 0 eng d | ||
| 035 | _a(Sirsi) u90081 | ||
| 041 | _aeng | ||
| 245 | _aFarm development | ||
| 260 | _c1998 | ||
| 350 | _a0 | ||
| 490 |
_aGuardian _v1 December 1998, 19(3) |
||
| 520 | _aFarming is facing a crisis of character, and it is claimed that it has to decide whether to become an agri-business or environmental custodian. Statistics. | ||
| 650 | _aAGRIBUSINESS | ||
| 650 | _aFARM DIVERSIFICATION | ||
| 650 | _aFARMING | ||
| 650 | _aMODERNISATION | ||
| 650 | _aNATIONAL FARMERS UNION | ||
| 650 | _aRURAL WHITE PAPER | ||
| 690 | _aRURAL PRACTICE | ||
| 942 | _n0 | ||
| 948 | _c01/12/1998 | ||
| 999 |
_c57055 _d57055 |
||